[Event "Madrid San Viator op-B 26th"]
[Site "Madrid"]
[Date "2016.04.03"]
[Round "1"]
[White "Boria Jimenez, Cesar"]
[Black "Duma, Mihaela"]
[Result "1-0"]
[WhiteElo "1558"]
[BlackElo "1037"]
[PlyCount "83"]
[EventDate "2016.04.03"]
[EventType "swiss"]
[EventRounds "9"]
[EventCountry "ESP"]
[SourceTitle "EXT 2017"]
[Source "ChessBase"]
[SourceDate "2016.10.25"]
[SourceVersion "1"]
[SourceVersionDate "2016.10.25"]
[SourceQuality "1"]

1. e4 e5 2. Nf3 Nc6 3. d4 Nf6 4. Nc3 d5 5. Bb5 Bd7 6. dxe5 Nxe4 7. Qxd5 Nxc3 8. bxc3 a6 9. Bc4 Be6 10. Qe4 Be7 11. Bxe6 fxe6 12. Qg4 0-0 13. Qxe6+ Rf7 14. 0-0 Bc5 15. Ng5 Qe8 16. Qxf7+ Qxf7 17. Nxf7 Kxf7 18. Bf4 Ke6 19. Rfe1 b6 20. Be3 Ba3 21. Rad1 Nxe5 22. Bd4 Bd6 23. f4 Kf5 24. fxe5 Be7 25. Kf1 Rf8 26. Ke2 Ke4 27. Kd2+ Kd5 28. Rf1 h6 29. Rxf8 Bxf8 30. Ke3 c5 31. c4+ Ke6 32. Bc3 g5 33. Ke4 h5 34. Rf1 Be7 35. Rf5 b5 36. cxb5 axb5 37. Bd2 c4 38. Bxg5 Ba3 39. Rf6+ Kd7 40. Kd5 c3 41. Rf7+ Ke8 42. e6 1-0